| 000 | 00705 a2200169 4500 | ||
|---|---|---|---|
| 003 | Nust | ||
| 005 | 20170207154215.0 | ||
| 028 | _a940 | ||
| 040 | _cNust | ||
| 082 | _a940 | ||
| 100 | _aCapt.D.H.Cole,M.B.E | ||
| 245 |
_aChanging Conditions of Imperial Defence _bEssays on Military Geography _cCapt.D.H.Cole,M.B.E |
||
| 260 |
_alondon _bSifton Praed _c1930 |
||
| 300 | _a183p; | ||
| 505 | _aMan Power (Page-1) Material Resources of The Empire (page-23) The United States and Sea Power (Page-46) France and Italy and Sea Power In the Mediterranean (Page-78) Great Britain and the Indian Ocean (page-97) Japan and the Pacific (Page-132) The Changing Scene (page-159) | ||
| 538 | _aAlmirah No.134 and Shelv No.4 | ||
| 942 |
_2ddc _cBK |
||
| 999 |
_c195053 _d195053 |
||